00818cam a22002054a 45000010009000000050017000090080041000260200035000670200018001020500024001200820012001441000023001562450070001792600037002493000035002866500016003218560078003378560106004158560091005211392542920250307183549.0050411s2006 nyua b 001 0 eng  a0071450831 (pbk. : alk. paper) a978007145083600aHF5636 b.H375 200600a6572221 aHart-Fanta, Leita.10aAccounting demystified :ba self-teaching guide /cLeita A. Hart. aNew York :bMcGraw-Hill,cc2006. axvii, 333 p. :bill. ;c24 cm. 0aAccounting.413Table of contentsuhttp://www.loc.gov/catdir/toc/ecip0510/2005010065.html423Contributor biographical informationuhttp://www.loc.gov/catdir/enhancements/fy0668/2005010065-b.html423Publisher descriptionuhttp://www.loc.gov/catdir/enhancements/fy0668/2005010065-d.html